00953nac a22002291u 4500008004100000010001500041020001500056020001500071082001900086100004100105245006700146260004500213300003300258500002000291650004300311700002600354856008700380856007500467942002600542999001300568952014200581100906t xxu||||| |||| 00| 0 eng d a2002280163 a0072193794 a007049920900a005.133bW9471 aWright, Charles. 91839010aCbtips & techniques /cCharles Wright ; edited by Kris Jamsa. aNew Delhi :bMcGraw-Hill/Osborne,c2002. axx, 626 p. :bill. ;c24 cm. aIncludes index. 0a (Computer program language)aC9183911 aJamsa, Kris A.918392423Publisher descriptionuhttp://www.loc.gov/catdir/description/mh024/2002280163.html423Table of contentsuhttp://www.loc.gov/catdir/toc/mh023/2002280163.html cBBk005.133W94712ddc c498d498 00102ddc40708 aMAINbMAINcLOWd2013-05-06epurchasel4m17o005.133 WRIp000004123q2024-12-21r2024-11-04 00:00:00s2024-11-04yBB